000 00332pab a2200145 454500
008 180718b2001 xxu||||| |||| 00| 0 eng d
100 _aLaffont, Jean-Jacques
245 _aInternet peering
260 _c2001
300 _ap.287-91
362 _aMay
650 _aInternet
773 _aAmerican Economic Review
909 _a48833
999 _c48833
_d48833